Sports Quiz

Random Sports Quiz
Score 0/20 Timer 03:00
0 Plays Today
Clue Running Back % Correct
enjso wdrejones drew
95.1%
efortforte
93.4%
eogrgore
92.6%
didaaaddai
87.7%
rnbwobrown
86.9%
irecrice
86.1%
hosnnjojohnson
83.6%
trnaggrant
78.7%
remonomoreno
77%
tneurrturner
76.2%
Clue Running Back % Correct
njkoacsjackson
72.1%
soetrpenpeterson
65.6%
shrlcaecharles
64.8%
ndmeacfdmcfadden
56.6%
lmlwsiaiwilliams
52.5%
bnosnebenson
47.5%
msintlnootomlinson
46.7%
dbwaahsrbradshaw
45.9%
sreftofoster
39.3%
rspiotportis
32%
Remove Ads.
Support Sporcle.
Get the best of Sporcle when you Go Orange. This ad-free experience offers more features, more stats, and more fun while also helping to support Sporcle. Thank you for becoming a member.

You're not logged in!

Compare scores with friends on all Sporcle quizzes.
OR
Log In

Show Comments

Extras

Top Quizzes Today


Score Distribution

Your Account Isn't Verified!

In order to create a playlist on Sporcle, you need to verify the email address you used during registration. Go to your Sporcle Settings to finish the process.

Report this User

Report this user for behavior that violates our Community Guidelines.

Details: